Ont-ils déjà joué avec... Pierre Niney ? - Statistiques

Statistiques générales
  • Ce quiz a été pris 51 fois
  • Le résultat moyen est 2 sur 10
Answers on the Grid
Answers color-coded by a green-red scale on the quiz's grid according to % correct below.
Audrey Tautou
Christian Clavier
Orelsan
Zinedine Zidane
Bérénice Bejo
Lindsay Lohan
Jacques Weber
Fanny Ardant
Anaïs Demoustier
Eric Judor
Gad Elmaleh
Annie Girardot
Charles Aznavour
Sting
Grégoire Ludig
Jean Dujardin
Benoît Magimel
Virginie Ledoyen
Melvil Poupaud
Mélanie Thierry
 
Statistiques - réponses
Réponse % Correct
Jean Dujardin
73%
Anaïs Demoustier
59%
Benoît Magimel
20%
Mélanie Thierry
20%
Sting
18%
Fanny Ardant
16%
Audrey Tautou
9%
Grégoire Ludig
9%
Virginie Ledoyen
9%
Melvil Poupaud
7%
Aucun quiz correspondant
Distribution des résultats
% des personnes avec chaque résultat
Percentile par nombre de réponses
Votre historique - résultats
Vous n’avez pas pris ce quiz